The Emo's Anthems By the first line - Statistics

General Stats
  • This quiz has been taken 78 times
  • The average score is 6 of 10
Answer Stats
Track Hint Answer % Correct
5 Don't wanna be an American idiot Don't want a nation under the new media American Idiot
96%
2 When I was a young boy My father took me into the city Welcome to the Black Parade
92%
1 I'm in the business of misery Misery Business
89%
4 Oh, well imagine As I'm pacing the pews in a church corridor I Write Sins Not Tragedies
75%
6 I got your picture, I'm coming with you Dear Maria Count me In
73%
7 Am I more than you bargained for yet? I've been dying to tell you Sugar, We’re Goin Down
48%
3 Hey, don't write yourself off yet It's only in your head, you feel left out The Middle
40%
10 The faster we're fallin', we're stoppin' and stallin' We're runnin' in circles again In Too Deep
36%
9 Let me know that I've done wrong When I've known this all along Dirty Little Secret
30%
8 I woke up it was seven, I waited 'til 11 I'm Just a Kid
27%
No matching quizzes found
Score Distribution
Percent of People with Each Score
Percentile by Number Answered
Your Score History
You have not taken this quiz